Les Llànties tardo-republicanes d'Empúries / per Joaquim Arxé i Gálvez
ISBN:
84-500-8334-9
Descripción Física:
108 p. : il., [4] f. de làm. ; 27 cm
Colección:
Monografies emporitanes ; 5
MARC
| LEADER | 00000nam a2200000Ia 4500 | ||
|---|---|---|---|
| 001 | 8405 | ||
| 008 | 160829s1982 xx 000 0 cat d | ||
| 020 | |a 84-500-8334-9 | ||
| 080 | |a B-1-71 | ||
| 100 | |a Arxé i Gálvez, Joaquim |9 28427 | ||
| 245 | |a Les Llànties tardo-republicanes d'Empúries / per Joaquim Arxé i Gálvez | ||
| 260 | |a Barcelona : |b Diputació. Institut de Prehistòria i Arqueologia, |c 1982 | ||
| 300 | |a 108 p. : |b il., [4] f. de làm. ; |c 27 cm | ||
| 490 | |a Monografies emporitanes ; 5 | ||
| 650 | |a Ceràmica romana |x Empúries (Ciutat antiga) |9 28428 | ||
| 650 | |a Llums de ceràmica |x Empúries (Ciutat antiga) |9 28429 | ||
| 710 | 2 | |a Institut de Prehistòria i Arqueologia (Barcelona, Catalunya) |9 52785 | |
| 901 | |a Arxiu | ||
| 942 | |n 1 | ||
| 952 | |0 0 |1 0 |4 0 |6 B171 |7 1 |9 44815 |a Arxiu |b Arxiu |d 2016-12-01 |l 0 |o B-1-71 |p 8405 |r 2016-12-01 00:00:00 |w 2016-12-01 |y ARXIU | ||
| 999 | |c 47413 |d 47413 | ||